000
00310nam a22001337a 4500
008
170619b xxu||||| |||| 00| 0 eng d
020
_a
9780803292291
041
_a
eng
080
_a
94
100
_a
16
101
_a
SHH
245
_a
THE WAR AGAINST WOMEN IN BOSNIA-HERZEGOVINA
_c
FABER,M
942
_2
udc
_c
BK
999
_c
18044
_d
18044